La tierra en disputa : (Registro nro. 37943)
[ vista simple ]
| 000 -CABECERA | |
|---|---|
| Longitud fija campo de control | 01374nam a2200301 a 4500 |
| 003 - • IDENTIFICADOR DELl NÚMERO DE CONTROL | |
| Identificador del número de control | CO-ViMGA |
| 005 - • FECHA Y HORA DE LA ÚLTIMA TRANSACCIÓN | |
| Fecha y hora de la última transacción | 20230915234537.0 |
| 008 - • CÓDIGOS DE INFORMACIÓN DE LONGITUD FIJA | |
| Códigos de información de longitud fija | 150713s2014 ck b gr 00010 spa d |
| 020 ## - • NÚMERO INTERNACIONAL NORMALIZADO PARA LIBROS | |
| Número Internacional Normalizado para Libros (ISBN) | 9789585870529 |
| 040 ## - FUENTE DE LA CATALOGACIÓN | |
| Centro catalogador de origen | CO-ViMGA |
| Lengua de catalogación | spa |
| Centro transcriptor | CO-ViMGA |
| 043 ## - CÓDIGO DE ÁREA GEOGRÁFICA | |
| Código de área geográfica | s-ck--- |
| 082 04 - • NÚMERO DE LA CLASIFICACIÓN DECIMAL DEWEY | |
| Número de clasificación (R) | 333.73 |
| Número del ítem | C65t1 |
| 110 2# - • PUNTO DE ACCESO PRINCIPAL-NOMBRE DE ENTIDAD CORPORATIVA | |
| Nombre de entidad corporativa o nombre de jurisdicción como elemento inicial | Comisión Nacional de Reparación y Reconciliación (Colombia). Grupo de Memoria Histórica. |
| 245 13 - • TITULO PROPIAMENTE DICHO | |
| Título | La tierra en disputa : |
| Resto del título | memorias de despojo y resistencias campesinas en la Costa Caribe : 1960-2010, resumen / |
| Mención de responsabilidad, etc. | Centro Nacional de Memoria Histórica. |
| 300 ## - • DESCRIPCIÓN FÍSICA | |
| Extensión | 87 páginas : |
| Otras características físicas | mapas ; |
| Dimensiones | 23 cm. |
| 504 ## - • NOTA DE BIBLIOGRAFÍA, ETC | |
| Nota de bibliografía, etc. | Incluye referencias bibliográficas (páginas 83-84) |
| 650 14 - • PUNTO DE ACCESO ADICIONAL DE MATERIA - TÉRMINO DE MATERIA | |
| Término de materia o nombre geográfico como elemento inicial | Agricultura y estado |
| Subdivisión geográfica | Caribe (Región, Colombia) |
| Subdivisión cronológica | 1960-2010. |
| 650 14 - • PUNTO DE ACCESO ADICIONAL DE MATERIA - TÉRMINO DE MATERIA | |
| Término de materia o nombre geográfico como elemento inicial | Conflicto armado |
| Subdivisión geográfica | Caribe (Región, Colombia) |
| Subdivisión cronológica | 1960-2010. |
| 650 14 - • PUNTO DE ACCESO ADICIONAL DE MATERIA - TÉRMINO DE MATERIA | |
| Término de materia o nombre geográfico como elemento inicial | Desplazamiento forzado |
| Subdivisión geográfica | Caribe (Región, Colombia) |
| 650 14 - • PUNTO DE ACCESO ADICIONAL DE MATERIA - TÉRMINO DE MATERIA | |
| Término de materia o nombre geográfico como elemento inicial | Resistencia civil |
| Subdivisión geográfica | Caribe (Región, Colombia) |
| Subdivisión cronológica | 1960-2010. |
| 650 14 - • PUNTO DE ACCESO ADICIONAL DE MATERIA - TÉRMINO DE MATERIA | |
| Término de materia o nombre geográfico como elemento inicial | Tenencia de la tierra |
| Subdivisión geográfica | Caribe (Región, Colombia) |
| Subdivisión cronológica | 1960-2010. |
| 650 14 - • PUNTO DE ACCESO ADICIONAL DE MATERIA - TÉRMINO DE MATERIA | |
| Término de materia o nombre geográfico como elemento inicial | Violencia |
| Subdivisión geográfica | Caribe (Región, Colombia) |
| Subdivisión cronológica | 1960-2010. |
| 700 1# - • PUNTO DE ACCESO ADICIONAL - NOMBRE DE PERSONA | |
| Nombre de persona | Correa, Hernán Darío, |
| Fechas asociadas al nombre | 1951-, |
| Término indicativo de función | ed. |
| 942 ## - ENTRADA DE ELEMENTOS AGREGADOS (KOHA) | |
| Fuente de clasificaión o esquema | Dewey Decimal Classification |
| Koha [por defecto] tipo de item | LIbro |
| Perdido | Fuente de clasificación o esquema | Estado Físico | No para préstamo | Forma de adquisición | Localización permanente | Localización actual | Fecha adquisición | Préstamos totales | Signatura completa | Código de barras | Fecha última consulta | Fecha del precio de reemplazo | Tipo de item de Koha | Localización en estanterías | Número de copia | Note pública |
|---|---|---|---|---|---|---|---|---|---|---|---|---|---|---|---|---|
| Dewey Decimal Classification | Colección General | Biblioteca Pública Puerto López - Jorge Eliecer Gaitán | Biblioteca Pública Puerto López - Jorge Eliecer Gaitán | 10/22/2025 | 333.73 C65t1 | PLZ03607 | 10/22/2025 | 10/22/2025 | Libro Literatura | General | Ej.1 | |||||
| Dewey Decimal Classification | Colección General | Biblioteca Pública Restrepo | Biblioteca Pública Restrepo | 07/07/2025 | 333.73 C65t1 | RES00399 | 07/07/2025 | 07/07/2025 | LIbro | General | Ej.1 | |||||
| Dewey Decimal Classification | Colección General | Biblioteca Pública Acacias - Carlos María Hernández Rojas | Biblioteca Pública Acacias - Carlos María Hernández Rojas | 05/06/2025 | 333.73 C65t1 | ACA02495 | 05/06/2025 | 05/06/2025 | LIbro | General | Ej.1 | |||||
| Sala General | Biblioteca Pública Departamental Eduardo Carranza - Villavicencio | Biblioteca Pública Departamental Eduardo Carranza - Villavicencio | 06/27/2017 | 333.318611 C25ti | ECA25637 | 11/26/2024 | 11/26/2024 | LIbro | General | Ej.1 | 19576 | 25021 | |||||
| Dewey Decimal Classification | Sala Especializada Tercer Piso | Biblioteca Pública Germán Arciniegas - Villavicencio | Biblioteca Pública Germán Arciniegas - Villavicencio | 05/18/2017 | 333.73 C65t1 | 032101 | 05/18/2017 | 05/18/2017 | LIbro | |||||||
| Dewey Decimal Classification | Colección General | Biblioteca Pública Puerto Concordia | Biblioteca Pública Puerto Concordia | 01/21/2026 | 333.73 C65t1 | PCON00237 | 01/21/2026 | 01/21/2026 | LIbro | General | Ej.1 | |||||
| Dewey Decimal Classification | Colección General | Biblioteca Pública Puerto Concordia | Biblioteca Pública Puerto Concordia | 01/21/2026 | 333.73 C65t1 | PCON00238 | 01/21/2026 | 01/21/2026 | LIbro | General | Ej.1 | |||||
| Dewey Decimal Classification | Colección General | Biblioteca Pública Puerto Concordia | Biblioteca Pública Puerto Concordia | 01/21/2026 | 333.73 C65t1 | PCON00239 | 01/21/2026 | 01/21/2026 | LIbro | General | Ej.1 |